Statistics for Baseball's Longest scoreless innings streaks

Click here to take the quiz!

General Stats

  • This quiz has been taken 20 times
  • The average score is 3 of 10

Answer Stats

Innings longAnswer% Correct
59Orel Hershiser
100%
58Don Drysdale
74%
45Cy Young
37%
47Bob Gibson
32%
55 2/3Walter Johnson
26%
45 2/3Zack Greinke
21%
45 1/3Carl Hubbel
11%
53Jack Coombs
5%
45Sal Magile
5%
45Doc White
0%

Score Distribution

Percentile by Number Answered

Percent of People with Each Score

Your Score History

You have not taken this quiz